| 000 | 01276nam a2200253 i 4500 | ||
|---|---|---|---|
| 001 | 173690 | ||
| 003 | ES-MaACL | ||
| 005 | 20250921063038.0 | ||
| 008 | 100111s1880 sp |||| | spa d | ||
| 080 | _a343.811 | ||
| 100 | 1 |
_aSilvela, Manuel, _d1830-1892 _9141412 |
|
| 245 | 1 | 0 | _aDiscurso pronunciado por el Excmo. Sr. D. Manuel Silvela, presidente de la Academia Matritense de Jurisprudencia y Legislación, en la sesión inaugural del curso de 1880 a 1881, celebrada el 15 de noviembre de 1880. |
| 260 |
_aMadrid : _b[s.n.], _c1880 ( _fImp. del Ministerio de Gracia y Justicia) |
||
| 300 |
_a16 p. ; _c22 cm. |
||
| 594 | _aTema: La reforma penitenciaria. | ||
| 650 |
_aDerecho penitenciario- _zEspaña. _9176229 |
||
| 710 | 2 |
_aAcademia Matritense de Jurisprudencia y Legislación. _91204 |
|
| 852 |
_aES-MaACL _jT-352-F-3 |
||
| 852 |
_aES-MaACL _jD-165(1) _z- Encuadernado en vol. facticio, en el lomo: Estudios penitenciarios, 5 _z.- Donativo Lastres |
||
| 852 |
_aES-MaACL _jD-165(8) _z- Encuadernado en vol. facticio, en el lomo: Estudios penitenciarios, 5 _z.- Donativo Lastres _z. - Dedicatoria autógrafa del autor al Sr. Lastres _q- Ejemp. sin port. |
||
| 852 |
_aES-MaACL _jT-356-F-10 |
||
| 852 |
_aES-MaACL _jT-381-F-20 |
||
| 999 |
_c173690 _d173690 |
||